Enflasyon sorunu ve Türkiye'de enflasyon önleme politikaları (Record no. 5825)

MARC details
000 -BAŞLIK
Sabit Uzunlukta Kontrol Alanı 00675na a2200229 4500
001 - KONTROL NUMARASI
Denetim Alanı 18942
003 - KONTROL NUMARASI IDENTIFIER
Denetim Alanı MIRAKIL
005 - SON İŞLEM TARİHİ VE ZAMANI
Denetim Alanı 20181213155048.0
008 - SABİT-BOY VERİ ELEMANLARI - GENEL BİLGİLER
Sabit Uzunlukta Kontrol Alanı 161205b tu 000 0
040 ## - KATALOGLAMA KAYNAK
Orijinal Kataloglama Ajansı Milas
Kataloglama Dili tur
Metne Dönüştürmek Ajansı TR-AnCHP
041 ## - DİL KODU
Metin / Ses Parça Veya Ayrı Başlığın Dil Kodu tur
082 ## - DEWEY ONLU SINIFLANDIRMA NUMARASI
Sınıflandırma Numarası 330.9
Ürün Numarası E52 1989
090 ## - SINIFLAMA NUMARASI
Sınıflama Numarası 330.9 E52 1989
245 ## - BAŞLIK TABLOSU
Başlık Enflasyon sorunu ve Türkiye'de enflasyon önleme politikaları
Sorumluluk Tablosu, Vb hazırayanlar Süleyman Özmucur, Ziya Öniş
260 ## - YAYIN, DAĞITIM, VB
Yayın, Dağıtım, Vb Yeri [y.y.]
Yayıncı, Dağıtıcı, Vs Adı [yayl. y.]
Yayın, Dağıtım, Vb Tarihi 1989
300 ## - FİZİKSEL TANIM
Kapsam 97 s.
Diğer Fiziksel Ayrıntıları grf.
Boyutlar 31 sm.
650 ## - KONU KATMA GİRİŞ - TOPİKAL DÖNEM
Topikal Süreli Veya Coğrafi Ad Giriş Elemanı Enflasyon sorunu
Coğrafi Alt Bölümü Türkiye
650 ## - KONU KATMA GİRİŞ - TOPİKAL DÖNEM
Topikal Süreli Veya Coğrafi Ad Giriş Elemanı Ekonomi
Genel Alt Bölümü Enflasyon
Coğrafi Alt Bölümü Türkiye
700 ## - KATMA GİRİŞ - KİŞİSEL İSİM
Kişisel Ad Öniş, Ziya
700 ## - KATMA GİRİŞ - KİŞİSEL İSİM
Kişisel Ad Özmucur, Süleyman
942 ## - EKLENDİ GİRİŞ ELEMANLARI (KOHA)
Sınıflandırma Veya Raf Düzeni Kaynak
Koha Öğesi Türü Books
999 ## - SİSTEM KONTROL NUMARALARI (KOHA)
Koha Biblionumber 5825
Koha Biblioitemnumber 5825
Holdings
Kalıcı Konum Mevcut Konum Edinme Tarihi Edinim Kaynak Toplam Check-Out'Lar Tam Çağrı Numarası Barkod Tarih Son Görülme İtibaren Geçerli Fiyatlar Koha Öğesi Türü
CHP Kütüphanesi CHP Kütüphanesi 12/05/2016 Bağış   330.9 E52 1989 010513 12/05/2016 12/05/2016 Books